| 000 | 00412nam a2200169Ia 4500 | ||
|---|---|---|---|
| 005 | 20250423101308.0 | ||
| 008 | 250422s9999 xx 000 0 und d | ||
| 020 | _a0- 06- 015004- 1 | ||
| 050 | _aHG 3881 .S5574/ | ||
| 100 | _aRobert Solomon | ||
| 245 | 4 | _aThe international monetary system | |
| 260 | _bHarper & Row | ||
| 260 | _c1982 | ||
| 300 | _a432 p | ||
| 650 | _aInternational finance | ||
| 942 | _cBK | ||
| 999 |
_c35887 _d35887 |
||